Water sampling and chemical analysis for underground water investigations (Record no. 61499)

MARC details
000 -LEADER
fixed length control field 00594nam a2200133 a 4500
008 - FIXED-LENGTH DATA ELEMENTS--GENERAL INFORMATION
fixed length control field 120416s1985 ||||||||||||||||| || u
050 ## - LIBRARY OF CONGRESS CALL NUMBER
Classification number GB 1001.72.S3 Wat
100 ## - MAIN ENTRY--PERSONAL NAME
Personal name Frank, F
245 10 - TITLE STATEMENT
Title Water sampling and chemical analysis for underground water investigations
Statement of responsibility, etc. translated from the German editions by F. Frank
260 ## - PUBLICATION, DISTRIBUTION, ETC.
Place of publication, distribution, etc. Hamburg
Name of publisher, distributor, etc. Verlag Paul Parey
Date of publication, distribution, etc. 1985
300 ## - PHYSICAL DESCRIPTION
Extent [vii], 84p. : ill.
350 ## - PRICE (NR) (BK AM CF MU VM SE) [OBSOLETE]
Price 0.00
995 ## - RECOMMENDATION 995 [LOCAL, UNIMARC FRANCE]
-- 0.00
-- CBU-MAIN LIBRARY (Kitwe)
-- 1
-- 85.00
-- 1
-- AVAILABLE
-- Feb 22, 2007
-- Main Library Open Access Collection
Holdings
Withdrawn status Lost status Source of classification or shelving scheme Damaged status Not for loan Home library Current library Shelving location Date acquired Total Checkouts Full call number Barcode Date last seen Price effective from Koha item type
          CBU-MAIN LIBRARY, KITWE. CBU-MAIN LIBRARY, KITWE.   11/30/2022   GB 1001.72.S3 Wat 002211 11/30/2022 11/30/2022 MONOGRAPH